<?xml version="1.0" encoding="UTF-8"?><?xml-stylesheet type="text/xsl" href="static/style.xsl"?><OAI-PMH xmlns="http://www.openarchives.org/OAI/2.0/" xmlns:xsi="http://www.w3.org/2001/XMLSchema-instance" xsi:schemaLocation="http://www.openarchives.org/OAI/2.0/ http://www.openarchives.org/OAI/2.0/OAI-PMH.xsd"><responseDate>2026-04-27T19:45:36Z</responseDate><request verb="GetRecord" identifier="oai:uvadoc.uva.es:10324/49461" metadataPrefix="marc">https://uvadoc.uva.es/oai/request</request><GetRecord><record><header><identifier>oai:uvadoc.uva.es:10324/49461</identifier><datestamp>2025-01-31T07:26:24Z</datestamp><setSpec>com_10324_1158</setSpec><setSpec>com_10324_931</setSpec><setSpec>com_10324_894</setSpec><setSpec>col_10324_1242</setSpec></header><metadata><record xmlns="http://www.loc.gov/MARC21/slim" xmlns:doc="http://www.lyncode.com/xoai" xmlns:xsi="http://www.w3.org/2001/XMLSchema-instance" xmlns:dcterms="http://purl.org/dc/terms/" xsi:schemaLocation="http://www.loc.gov/MARC21/slim http://www.loc.gov/standards/marcxml/schema/MARC21slim.xsd">
<leader>00925njm 22002777a 4500</leader>
<datafield tag="042" ind1=" " ind2=" ">
<subfield code="a">dc</subfield>
</datafield>
<datafield tag="720" ind1=" " ind2=" ">
<subfield code="a">García, Iván</subfield>
<subfield code="e">author</subfield>
</datafield>
<datafield tag="720" ind1=" " ind2=" ">
<subfield code="a">Barrutia, Laura</subfield>
<subfield code="e">author</subfield>
</datafield>
<datafield tag="720" ind1=" " ind2=" ">
<subfield code="a">Dadgostar, Shabnam</subfield>
<subfield code="e">author</subfield>
</datafield>
<datafield tag="720" ind1=" " ind2=" ">
<subfield code="a">Hinojosa, Manuel</subfield>
<subfield code="e">author</subfield>
</datafield>
<datafield tag="720" ind1=" " ind2=" ">
<subfield code="a">Johnson, Andrew</subfield>
<subfield code="e">author</subfield>
</datafield>
<datafield tag="720" ind1=" " ind2=" ">
<subfield code="a">Rey Stolle, Ignacio</subfield>
<subfield code="e">author</subfield>
</datafield>
<datafield tag="260" ind1=" " ind2=" ">
<subfield code="c">2021</subfield>
</datafield>
<datafield tag="520" ind1=" " ind2=" ">
<subfield code="a">Reducing the formation of cracks during growth of GaInP/GaInAs/Ge 3-junction solar cells on Ge|Si virtual substrates has been attempted by thinning the structure, namely the Ge bottom cell and the GaInAs middle cell. The theoretical analysis performed using realistic device parameters indicates that the GaInAs middle cell can be drastically thinned to 1000 nm while increasing its In content to 8% with an efficiency loss in the 3-junction cell below 3%. The experimental results show that the formation of macroscopic cracks is prevented in thinned GaInAs/Ge 2-junction and GaInP/GaInAs/Ge 3-junction cells. These prototype crack-free multijunction cells demonstrate the concept and were used to rule out any possible component integration issue. The performance metrics are limited by the high threading dislocation density over 2·107cm−2 in the virtual substrates used, but an almost current matched, crack-free, thinned 3-junction solar cell is demonstrated, and the pathway towards solar cells with higher voltages identified.</subfield>
</datafield>
<datafield tag="024" ind2=" " ind1="8">
<subfield code="a">Solar Energy Materials and Solar Cells, 2021, vol. 225, 111034</subfield>
</datafield>
<datafield tag="024" ind2=" " ind1="8">
<subfield code="a">0927-0248</subfield>
</datafield>
<datafield tag="024" ind2=" " ind1="8">
<subfield code="a">https://uvadoc.uva.es/handle/10324/49461</subfield>
</datafield>
<datafield tag="024" ind2=" " ind1="8">
<subfield code="a">10.1016/j.solmat.2021.111034</subfield>
</datafield>
<datafield tag="245" ind1="0" ind2="0">
<subfield code="a">Thinned GaInP/GaInAs/Ge solar cells grown with reduced cracking on Ge|Si virtual substrates</subfield>
</datafield>
</record></metadata></record></GetRecord></OAI-PMH>